[Event "Kobanya op"]
[Site "Kobanya"]
[Date "1993.??.??"]
[Round "2"]
[White "Forgacs, Jozsef"]
[Black "Menyhart, Tibor"]
[Result "1-0"]
[WhiteElo "2330"]
[BlackElo "2205"]

1.c4 c5 2.Nf3 Nf6 3.g3 b6 4.Bg2 Bb7 5.O-O e6 6.b3 Be7 7.Bb2 d6 8.Na3 Nbd7
9.d3 a6 10.e4 O-O 11.Qe2 Qb8 12.Nc2 b5 13.Rab1 Rd8 14.h4 Ne8 15.Ne3 Bf6 16.Bc1 bxc4
17.bxc4 Qc7 18.Ng5 Bc6 19.Qh5 Nf8 20.Bd2 Rab8 21.Ba5  1-0

[Event "SWE-chA"]
[Site "Lindesberg"]
[Date "1993.??.??"]
[Round "?"]
[White "Thorsteinsson, Thorsteinn"]
[Black "Lindberg, Bengt"]
[Result "1/2-1/2"]
[WhiteElo "2300"]
[BlackElo "2345"]

1.Nf3 Nf6 2.c4 c5 3.g3 b6 4.Bg2 Bb7 5.O-O e6 6.Nc3 Be7 7.b3 O-O 8.Bb2 d6
9.e3 a6 10.d4 Qc7 11.Rc1 Nbd7 12.Qe2 Ne4 13.Nxe4 Bxe4 14.Ne1 Bxg2 15.Nxg2 Bf6
16.Nf4 g6 17.Nd3  1/2-1/2

[Event "Wch Team"]
[Site "Luzern"]
[Date "1993.??.??"]
[Round "8"]
[White "Nogueiras, Jesus"]
[Black "Hjartarson, Johann"]
[Result "1/2-1/2"]
[WhiteElo "2580"]
[BlackElo "2605"]

1.c4 Nf6 2.Nf3 c5 3.g3 b6 4.Bg2 Bb7 5.O-O e6 6.Nc3 a6 7.b3 d6 8.Bb2 Be7 9.d4 cxd4
10.Nxd4 Bxg2 11.Kxg2 Qc8 12.e3 Qb7+ 13.Qf3 Qxf3+ 14.Kxf3 Ra7 15.Ke2 O-O 16.f4 g6
17.Kf3 Rc8 18.g4 Nbd7 19.g5 Ne8 20.Rfd1 Nc5 21.Nde2 f5 22.gxf6 Bxf6 23.Rab1 Kf8
24.Ba3 Rf7 25.Bxc5 bxc5 26.Ne4 Be7 27.Rd2 Rc6 28.Rbd1 g5 29.Kg2 h6 30.h4 gxh4
31.Kh3 Rf5 32.N2c3 Rf7 33.Rg2 Rg7 34.Rf2 Rf7 35.Rg1 Rg7 36.Rgf1 d5 37.cxd5 exd5
38.Nxd5 Re6 39.Nec3 Rg3+ 40.Kh2 Nf6 41.Nxf6 Bxf6 42.Nd5 Rd6 43.Nxf6  1/2-1/2

[Event "Manresa op"]
[Site "Manresa"]
[Date "1993.??.??"]
[Round "5"]
[White "Efimov, Igor"]
[Black "Suba, Mihai"]
[Result "1/2-1/2"]
[WhiteElo "2500"]
[BlackElo "2520"]

1.Nf3 c5 2.c4 Nf6 3.g3 b6 4.Bg2 Bb7 5.O-O e6 6.Nc3 a6 7.d4 cxd4 8.Qxd4 d6
9.Rd1 Nbd7 10.e4 Be7 11.b3 Qc8 12.Bb2 O-O 13.Rac1 Re8 14.h3 Bf8 15.Nh2 Qc7
16.Ng4 Nxg4 17.hxg4 Rac8 18.Bf1 Ba8 19.Ba3 Ne5 20.Be2 Red8 21.Qe3 Qb8 22.g5 Bc6
23.f4 b5 24.cxb5 axb5 25.fxe5 b4 26.Bb2 bxc3 27.Rxc3 d5 28.Qf2 d4 29.Rxd4 Rxd4
30.Qxd4 Rd8 31.Qc4 Rd2 32.Bc1 Rxa2 33.Kf1 Bb7 34.Qc7 Qxc7 35.Rxc7 Bxe4 36.Rc8 g6
37.b4 Kg7 38.b5 Ra1 39.Kf2 Rb1 40.Ke3 Bd5 41.Rc7 Bb4 42.Bd2 Ba3 43.Bd3 Rg1
44.b6 Rxg3+ 45.Ke2 Rg2+ 46.Ke1 Rxd2 47.Kxd2 Bb4+ 48.Ke3 Ba5 49.Kf4 Bxb6 50.Rc2 h6
51.gxh6+ Kxh6 52.Be4 g5+ 53.Kf3 Bb3 54.Rh2+ Kg7 55.Rh7+ Kg8 56.Rh1 Bd4 57.Kg4 Bxe5
58.Kxg5 Ba4 59.Kg4 Bb5 60.Re1 Bd6 61.Bc2 Kg7 62.Kf3 Kf6 63.Be4 Be5 64.Bc2 Bd4
65.Rb1 Bc6+ 66.Be4 Ba4 67.Bd3 Ke5 68.Re1+ Kd5 69.Be4+ Kd6 70.Kf4 f6 71.Rb1 Be5+
72.Ke3 f5 73.Rb6+ Ke7 74.Bd3 Bh2 75.Ra6 Bd7 76.Ke2 Be8 77.Bc4 Bd6 78.Ra7+ Kf6
79.Ra6 Ke5 80.Ra5+ Kf6 81.Ra6  1/2-1/2

[Event "Massy op"]
[Site "Massy"]
[Date "1993.??.??"]
[Round "9"]
[White "Piankov, Evgenij"]
[Black "Kovacevic, Slobodan"]
[Result "1-0"]
[WhiteElo "2395"]
[BlackElo "2435"]

1.Nf3 c5 2.g3 b6 3.Bg2 Bb7 4.O-O Nf6 5.c4 e6 6.Nc3 a6 7.b3 d6 8.d4 cxd4 9.Qxd4 Nbd7
10.Bb2 Be7 11.Rfd1 O-O 12.e4 Qc7 13.h3 Rac8 14.Rd2 Qb8 15.Qe3 Rfe8 16.Nd4 Bf8
17.g4 h6 18.Nde2 Ba8 19.g5 hxg5 20.Qxg5 b5 21.cxb5 Rc5 22.Qe3 axb5 23.Ng3 Rec8
24.Rad1 Qc7 25.Nce2 Qb8 26.Nf4 Rc2 27.Nfh5 Ne8 28.Ne2 R8c5 29.Nhf4 Rc8 30.Bc3 Rxd2
31.Qxd2 Nef6 32.Ng3 Be7 33.Nfh5 Ne8 34.Bb2 Bf8 35.Rc1 Rxc1+ 36.Qxc1 Nc5 37.Qe3 Qc7
38.Nf4 Bc6 39.Nfe2 Qa5 40.a3 Qe1+ 41.Kh2 e5 42.b4 Ne6 43.Bc1 Qd1 44.Qc3 Bb7
45.Be3 Nf6 46.Qc1 Qa4 47.Nc3 Qa6 48.Bf1 Bc6 49.a4 Qa8 50.axb5 Bb7 51.b6 d5
52.exd5 Nxd5 53.Nxd5 Bxd5 54.Qc3 Qb8 55.Ba6 Nd4 56.Bxd4 exd4 57.Qxd4 Bf3
58.Kg1 Qc8 59.Bf1 Qc6 60.b5  1-0

[Event "Minsk"]
[Site "Minsk"]
[Date "1993.??.??"]
[Round "?"]
[White "Rotstein, Arkadij"]
[Black "Shipov, Sergei"]
[Result "0-1"]
[WhiteElo "2465"]
[BlackElo "2490"]

1.c4 Nf6 2.Nf3 c5 3.g3 b6 4.Bg2 Bb7 5.O-O e6 6.Nc3 Be7 7.d4 cxd4 8.Qxd4 d6
9.Rd1 a6 10.b3 Nbd7 11.e4 Qb8 12.Ba3 Nc5 13.e5 dxe5 14.Qxe5 Ncd7 15.Qxb8+ Rxb8
16.Bd6 Bxd6 17.Rxd6 Ke7 18.Rad1 Rhc8 19.Ng5 b5 20.Bxb7 Rxb7 21.Rxa6 bxc4
22.Nce4 Nxe4 23.Nxe4 cxb3 24.Nd6 Rcc7 25.axb3 Rxb3 26.Ra8 Rb8 27.Nf5+ Kf6
28.Rxb8 Nxb8 29.Ne3 Nd7 30.Kg2 Ne5 31.Rd4 h5 32.h4 g6 33.Rf4+ Kg7 34.Rd4 Rb7
35.Rd2 Rb1 36.Rd4 Rb2 37.Rd1 Ra2 38.Rd4 Kf6 39.Rd8 Ke7 40.Rd1 Kf6 41.Rd8 Ke7
42.Rd1 Nd7 43.Rc1 Nf6 44.Rc7+ Kf8 45.Rc4 Kg7 46.Kf3 Rd2 47.Ra4 Ne8 48.Rb4 Nd6
49.Nf1 Ra2 50.Rd4 Nf5 51.Rd3 e5 52.Ne3 Nd4+ 53.Kg2 f5 54.Rc3 f4 55.Rc7+ Kf6
56.gxf4 exf4 57.Nd5+ Ke5 58.Ne7 Ra6 59.Rc5+ Ke4 60.Rg5 Nf3 61.Rc5 Nxh4+ 62.Kh3 Nf3
63.Rc4+ Nd4 64.Rc1 g5 65.Rc5 Re6 66.Ng8 Nf5 67.f3+ Kxf3 68.Rxf5 Re1  0-1

[Event "FRA-ch"]
[Site "Nantes"]
[Date "1993.??.??"]
[Round "11"]
[White "Anic, Darko"]
[Black "Chabanon, Jean Luc"]
[Result "0-1"]
[WhiteElo "2440"]
[BlackElo "2415"]

1.Nf3 Nf6 2.g3 c5 3.c4 b6 4.Bg2 Bb7 5.O-O e6 6.Nc3 Be7 7.d4 cxd4 8.Qxd4 Nc6
9.Qf4 O-O 10.Rd1 a6 11.e4 d6 12.b3 Qc7 13.Bb2 Ne5 14.Ne1 Bc6 15.Rac1 Qb7
16.Nc2 b5 17.cxb5 axb5 18.Nb4 Be8 19.a3 Nfd7 20.Ne2 Nc5 21.Nd4 Na6 22.Nf5 Nxb4
23.Nxe7+ Qxe7 24.axb4 f6 25.Qd2 Ra2 26.Ra1 Rxa1 27.Rxa1 Bc6 28.f4 Nf7 29.e5 Bxg2
30.exf6 gxf6 31.Qxg2 e5 32.Qe4 Qe6 33.Qd3 Rc8 34.Re1 Qg4 35.Rf1 Qg6 36.Qd1 Rc7
37.f5 Qh6 38.Bc1 Qf8 39.Qd3 Qa8 40.Be3 d5 41.Bb6 Rc8 42.Bc5 d4 43.Qxb5 Ng5
44.h4 Nf3+ 45.Kf2 Nd2 46.Qd7 Qf3+ 47.Ke1 Qxf1+ 48.Kxd2 Qf2+ 49.Kd3 Qxg3+
50.Ke4 Qe3+ 51.Kd5 Qxb3+ 52.Ke4 Ra8 53.h5 Qf7 54.Qc6 Ra3 55.Qc8+ Kg7 56.Bxd4 exd4
57.h6+ Kxh6 58.Qc1+ Re3+ 59.Kxd4 Qa7+  0-1

[Event "Maccabiah op"]
[Site "Netanya"]
[Date "1993.??.??"]
[Round "7"]
[White "Shabtai, Ran"]
[Black "Vistinietzki, Itzhak"]
[Result "1/2-1/2"]
[WhiteElo "2370"]
[BlackElo "2290"]

1.Nf3 Nf6 2.c4 e6 3.g3 b6 4.Bg2 Bb7 5.O-O c5 6.Nc3 Be7 7.d4 cxd4 8.Qxd4 Nc6
9.Qd2 Na5 10.b3 d5  1/2-1/2

[Event "Neuwied op"]
[Site "Neuwied"]
[Date "1993.??.??"]
[Round "2"]
[White "Budnikov, Alexandar"]
[Black "Link, Michael"]
[Result "1/2-1/2"]
[WhiteElo "2520"]
[BlackElo "2295"]

1.c4 Nf6 2.Nf3 c5 3.g3 b6 4.Bg2 Bb7 5.O-O e6 6.Nc3 Be7 7.d4 cxd4 8.Qxd4 d6
9.Rd1 a6 10.b3 Nbd7 11.e4 Qc8 12.Qe3 O-O 13.Bb2 Re8 14.Rac1 Qc7 15.h3 Rad8
16.Nd4 Bf8 17.Re1 Qb8 18.Rcd1 Nc5 19.f3 g6 20.Kh2 Bg7 21.Nde2 Ba8 22.f4  1/2-1/2

[Event "Nis op"]
[Site "Nis"]
[Date "1993.??.??"]
[Round "?"]
[White "Vukic, Milan"]
[Black "Raicevic, Ivica"]
[Result "1-0"]
[WhiteElo "2460"]
[BlackElo "2350"]

1.Nf3 Nf6 2.g3 b6 3.Bg2 Bb7 4.O-O e6 5.c4 c5 6.Nc3 d6 7.b3 a6 8.Bb2 Be7 9.d4 cxd4
10.Nxd4 Bxg2 11.Kxg2 Qc8 12.e3 Ra7 13.f4 h5 14.h3 Rc7 15.Rc1 Nbd7 16.Qf3 Nc5
17.Rfd1 O-O 18.g4 Qa8 19.Qxa8 Rxa8 20.g5 Nfe4 21.Nxe4 Nxe4 22.Kf3 Nc5 23.h4 g6
24.e4 Rd8 25.f5 e5 26.Nc2 f6 27.Ne3 fxg5 28.hxg5 gxf5 29.Nxf5 Kf7 30.g6+ Kxg6
31.Bxe5 Bg5 32.Rxd6+ Rxd6 33.Bxd6 Rf7 34.Rf1 Ne6 35.Kg2 Rd7 36.b4 Rb7 37.Kg3 a5
38.b5 Rd7 39.Rf2 Rd8 40.e5 Rd7 41.Nh4+ Kg7 42.Rf1 Rf7 43.Rxf7+ Kxf7 44.Nf5 Ke8
45.Kf3 Kd7 46.Ng3 Nd4+ 47.Ke4 h4 48.Nf1 Ne6 49.Kf5 Bd8 50.Kg4 Ng5 51.c5 bxc5
52.Bxc5 a4 53.Kf5 Ne6 54.Bg1 Be7 55.Ke4 h3 56.Kf5 Bc5 57.Bxc5 Nxc5 58.b6 Kc6
59.e6 Nxe6 60.Kxe6 Kxb6 61.Kd5 a3 62.Kc4 Kc6 63.Nh2 Kd6 64.Nf3 Ke7 65.Kd5 Kd7
66.Nh2 Ke7 67.Nf1 Kf6 68.Ke4 Ke6 69.Kf3 Kd5 70.Nd2 Kd4 71.Nb1  1-0

[Event "Odense"]
[Site "Odense"]
[Date "1993.??.??"]
[Round "6"]
[White "Plachetka, Jan"]
[Black "Hansen, Morten"]
[Result "1-0"]
[WhiteElo "2450"]
[BlackElo "2010"]

1.Nf3 Nf6 2.c4 e6 3.g3 b6 4.Bg2 Bb7 5.O-O c5 6.b3 Be7 7.Bb2 O-O 8.Nc3 d6
9.e3 Nbd7 10.d4 cxd4 11.Nxd4 Bxg2 12.Kxg2 Qc8 13.f4 Qb7+ 14.Qf3 Qxf3+ 15.Kxf3 Rfc8
16.Rfd1 a6 17.g4 Nb8 18.g5 Nfd7 19.h4 Nc6 20.Nde2 Nc5 21.Ng3 Rd8 22.h5 f5
23.e4 fxe4+ 24.Ngxe4 Nxe4 25.Nxe4 d5 26.cxd5 exd5 27.Ng3 d4 28.Rac1 Bc5 29.Ne4 Rd5
30.h6 Rf8 31.hxg7 Kxg7 32.Rh1 Ne5+ 33.Kg3 Nd7 34.Rcd1 a5 35.Nc3 Rdf5 36.Ne2 Rd5
37.Nxd4 Bxd4 38.Rxd4 Rxd4 39.Bxd4+ Kg8 40.Rh6 b5 41.Rd6 Nb8 42.Rb6 Rd8 43.Be5 Rd3+
44.Kg4 Nd7 45.Rxb5 a4 46.bxa4 Ra3 47.a5 Rxa2 48.Rd5 Nf8 49.Kf5 Kf7 50.Rb5 Ra4
51.Rb7+ Kg8 52.a6 Rxa6  1-0

[Event "Odorheiu Secuiesc-B"]
[Site "Odorheiu Secuiesc"]
[Date "1993.??.??"]
[Round "4"]
[White "Spulber, Cicerone"]
[Black "Ionescu, Constantin"]
[Result "1/2-1/2"]
[WhiteElo "2365"]
[BlackElo "2460"]

1.c4 Nf6 2.Nf3 c5 3.g3 b6 4.Bg2 Bb7 5.O-O e6 6.Nc3 Be7 7.d4 cxd4 8.Qxd4 d6
9.Rd1 a6 10.Bg5 Nbd7 11.Qd2 O-O 12.Bf4 Ne8 13.Rac1 Rc8 14.b3 Qc7 15.Ng5 Bxg2
16.Kxg2 Qb7+ 17.f3 Rc6 18.Qd3 Nef6 19.Nce4 h6 20.Nxf6+ Nxf6 21.Ne4 Rd8 22.Nxf6+ Bxf6  1/2-1/2

[Event "Oviedo rapid"]
[Site "Oviedo"]
[Date "1993.??.??"]
[Round "6"]
[White "Danailov, Silvio"]
[Black "Ulibin, Mikhail"]
[Result "1-0"]
[WhiteElo "2440"]
[BlackElo "2560"]

1.c4 c5 2.Nf3 Nf6 3.g3 b6 4.Bg2 Bb7 5.O-O e6 6.d4 cxd4 7.Qxd4 d6 8.Nc3 a6
9.Bg5 Nbd7 10.Nd2 Bxg2 11.Kxg2 Be7 12.Nde4 Qc7 13.Rfd1 O-O 14.Rac1 Rfd8 15.b3 h6
16.Bxf6 Nxf6 17.Qd3 Nd7 18.f4 Rac8 19.Qf3 Qb8 20.f5 Ne5 21.Qh5 Bf8 22.fxe6 fxe6
23.a4 Qb7 24.Rd4 Qc6 25.Rcd1 Rd7 26.Kg1 Rcd8 27.Nf2 Rf7 28.Rf4 Qe8 29.Qh3 Rxf4
30.gxf4 Qg6+ 31.Kh1 Nf7 32.Rg1  1-0

[Event "Oviedo rapid"]
[Site "Oviedo"]
[Date "1993.??.??"]
[Round "8"]
[White "Vila, Aurelio"]
[Black "Plaskett, Jim"]
[Result "0-1"]
[WhiteElo "2315"]
[BlackElo "2470"]

1.Nf3 Nf6 2.c4 b6 3.g3 Bb7 4.Bg2 c5 5.O-O e6 6.d4 cxd4 7.Qxd4 d6 8.Rd1 Be7
9.Nc3 a6 10.Be3 Nbd7 11.Rac1 O-O 12.h3 Qc7 13.b3 Rac8 14.Qf4 Rfe8 15.g4 Nc5
16.Nd2 Red8 17.Qg3 Qb8 18.Bf4 Bxg2 19.Qxg2 b5 20.b4 Ncd7 21.cxb5 axb5 22.Qf3 Qb6
23.Nb3 d5 24.a3 Ra8 25.Na5 Rdc8 26.Qd3 Bc5 27.Bg3 Rxa5  0-1

[Event "Pardubice op"]
[Site "Pardubice"]
[Date "1993.??.??"]
[Round "4"]
[White "Kirpichnikov, Vladimir S"]
[Black "Brodsky, Michail"]
[Result "1/2-1/2"]
[WhiteElo "2390"]
[BlackElo "2515"]

1.Nf3 Nf6 2.g3 b6 3.Bg2 Bb7 4.c4 c5 5.O-O e6 6.Nc3 Be7 7.Re1 d5 8.cxd5 exd5
9.d4 O-O 10.Bg5 Nbd7 11.Rc1 h6 12.Bxf6 Nxf6 13.e3 Ne4 14.Qa4 Bf6 15.Ne5 Re8
16.Qd7 Re7 17.Qxd8+ Rxd8 18.Ng4 Nxc3 19.Nxf6+ gxf6 20.bxc3 Rc7 21.Red1 Rdc8
22.Bh3 Re8  1/2-1/2

[Event "Paris-ch"]
[Site "Paris"]
[Date "1993.??.??"]
[Round "2"]
[White "Luce, Sebastien"]
[Black "Badii, Madjid"]
[Result "1-0"]
[WhiteElo "2360"]
[BlackElo "2240"]

1.c4 c5 2.Nf3 Nf6 3.g3 b6 4.Bg2 Bb7 5.O-O e6 6.b3 Be7 7.Nc3 d6 8.d4 cxd4
9.Qxd4 a6 10.Ba3 O-O 11.Rad1 Nc6 12.Qf4 e5 13.Qf5 g6 14.Qd3 Qc8 15.Qe3 Qc7
16.Nd5 Nxd5 17.cxd5 Nb8 18.Nxe5 Re8 19.Nxf7 Kxf7 20.Qe6+ Kf8 21.Rd3  1-0

[Event "World op"]
[Site "Philadelphia"]
[Date "1993.??.??"]
[Round "5"]
[White "Shliahtin, IE."]
[Black "Browne, Walter S"]
[Result "0-1"]
[WhiteElo "2290"]
[BlackElo "2515"]

1.Nf3 c5 2.g3 b6 3.Bg2 Bb7 4.O-O Nf6 5.c4 e6 6.Nc3 Be7 7.d4 cxd4 8.Nxd4 Bxg2
9.Kxg2 Qc8 10.Bf4 a6 11.Rc1 O-O 12.e4 d6 13.Qe2 Ra7 14.Nc2 Rc7 15.Ne3 Qb7
16.f3 Nh5 17.Nc2 Rfc8 18.b3 b5 19.Be3 bxc4 20.b4 Nf6 21.a3 Nc6 22.Rfd1 Ne5
23.Rb1 Nd3 24.Bg1 d5 25.e5 Nd7 26.Bd4 Nb8 27.Qe3 Nc6 28.h4 Nxd4 29.Nxd4 Qb6
30.f4 a5 31.f5 axb4 32.axb4 Ra7 33.Rd2 Rca8 34.Ncb5 Ra1 35.Rxa1 Rxa1 36.Re2 h6
37.Nd6 Bxd6 38.exd6 e5 39.Nc2 Ra6 40.d7 Qd6 41.b5 Ra5 42.f6 Qxd7 43.fxg7 Kxg7
44.Ne1 d4 45.Qd2 Nxe1+ 46.Qxe1 Qd5+  0-1

[Event "Ptuj-B"]
[Site "Ptuj"]
[Date "1993.??.??"]
[Round "10"]
[White "Jeric, Simon"]
[Black "Zsinka, Laszlo"]
[Result "1/2-1/2"]
[WhiteElo "2365"]
[BlackElo "2325"]

1.c4 c5 2.Nf3 Nf6 3.g3 b6 4.Bg2 Bb7 5.O-O e6 6.e3 Be7 7.d4 cxd4 8.exd4 d5
9.cxd5 Bxd5 10.Nc3 Bb7 11.Ne5 Bxg2 12.Kxg2 O-O  1/2-1/2

[Event "CRO-Cup"]
[Site "Pula"]
[Date "1993.??.??"]
[Round "7"]
[White "Lalic, Bogdan"]
[Black "Dizdarevic, Emir"]
[Result "1/2-1/2"]
[WhiteElo "2515"]
[BlackElo "2540"]

1.c4 c5 2.g3 e6 3.Nf3 b6 4.Bg2 Bb7 5.O-O Nf6 6.Nc3 Be7 7.Re1 d6 8.e4 O-O
9.d4 cxd4 10.Nxd4 Qc8 11.Be3 Na6 12.f4 Nc5 13.Bf2 g6 14.Rc1 Re8 15.b4 Na6
16.a3 Nb8 17.h3 Rd8 18.g4 Nbd7 19.Nd5 exd5 20.cxd5 Nc5 21.bxc5 dxc5 22.Nb5 Qd7
23.a4 a6 24.Nc3 b5 25.Qe2 c4 26.Red1 b4 27.d6 bxc3 28.dxe7 Qxe7 29.Rxd8+ Rxd8
30.Rxc3 Nd5 31.Rf3 Nb4 32.Qxc4 Qxe4  1/2-1/2

[Event "Rostov op"]
[Site "Rostov"]
[Date "1993.??.??"]
[Round "?"]
[White "Tregubov, Pavel V"]
[Black "Brodsky, Michail"]
[Result "1-0"]
[WhiteElo "2445"]
[BlackElo "2520"]

1.Nf3 Nf6 2.c4 b6 3.g3 c5 4.Bg2 Bb7 5.O-O e6 6.Nc3 Be7 7.Re1 d5 8.cxd5 exd5
9.d4 O-O 10.Bg5 Nbd7 11.e3 Ne4 12.Bxe7 Qxe7 13.Rc1 Rfd8 14.Nd2 Rac8 15.Bh3 a6
16.Ncxe4 dxe4 17.Nc4 cxd4 18.exd4 Qf6 19.d5 b5 20.Bxd7 Rxc4 21.Rxc4 bxc4
22.Rxe4 g6 23.Re8+ Rxe8 24.Bxe8 Qd6 25.Ba4 Bxd5 26.Qd2 Qe5 27.Bd1 h5 28.f3 Kg7
29.Qc3 f6 30.Qxe5 fxe5 31.a3 g5 32.h4 gxh4 33.gxh4 Kf6 34.Kf2 Bf7 35.Ke3 Ke6
36.f4 Bg6 37.Be2 exf4+ 38.Kxf4 Kd5 39.Kg5 Bd3 40.Bxh5 Kd4 41.Bf7 Be2 42.h5 Bxh5
43.Kxh5 a5 44.a4 Kc5  1-0

[Event "San Isidoro op"]
[Site "San Isidoro"]
[Date "1993.??.??"]
[Round "4"]
[White "Garcia, Raimundo"]
[Black "Pierrot, Facundo"]
[Result "1/2-1/2"]
[WhiteElo "2375"]
[BlackElo "2310"]

1.Nf3 c5 2.c4 Nf6 3.g3 b6 4.Bg2 Bb7 5.O-O e6 6.Nc3 Be7 7.Re1 d6 8.e4 a6 9.d4 cxd4
10.Nxd4 Qc7 11.Be3 O-O 12.Rc1 Nbd7 13.f4 Rac8 14.f5 e5 15.Nd5 Qd8 16.Nb3 b5
17.Nxe7+ Qxe7 18.cxb5 axb5 19.Qd3 b4 20.Rxc8 Rxc8 21.Rc1 Rxc1+ 22.Bxc1 Nc5
23.Nxc5 dxc5 24.Bf3 Qc7 25.b3 h6 26.Be3 Nd7 27.Qc2 Qc6 28.g4 Ba6 29.Kf2 c4
30.bxc4 Qxc4 31.Qxc4 Bxc4 32.Bd2 Nc5 33.Ke3 Bxa2 34.Bxb4 Nd7 35.h4 g5 36.hxg5 hxg5
37.Be2 Bb1 38.Be7 f6 39.Bb5 Kf7 40.Bd6 Nb6 41.Bc5 Nc8 42.Bd3 Ba2 43.Kd2 Bb3
44.Be2 Ne7 45.Kc3 Ba4 46.Bc4+  1/2-1/2

[Event "Santiago"]
[Site "Santiago de Chile"]
[Date "1993.??.??"]
[Round "?"]
[White "Bombardiere Rosas, Eduardo"]
[Black "Vasquez, Rodrigo"]
[Result "1/2-1/2"]
[WhiteElo "2270"]
[BlackElo "2475"]

1.c4 c5 2.Nf3 Nf6 3.g3 b6 4.Bg2 Bb7 5.O-O e6 6.Nc3 Be7 7.d4 cxd4 8.Nxd4 Bxg2
9.Kxg2 Qc8 10.Qd3 O-O 11.Bg5 Qb7+ 12.Qf3 Qxf3+ 13.Nxf3 Rc8 14.Nd2  1/2-1/2

[Event "Sevilla op"]
[Site "Sevilla"]
[Date "1993.??.??"]
[Round "8"]
[White "Antunes, Antonio"]
[Black "Suba, Mihai"]
[Result "1/2-1/2"]
[WhiteElo "2425"]
[BlackElo "2520"]

1.Nf3 c5 2.c4 Nf6 3.g3 b6 4.Bg2 Bb7 5.O-O e6 6.Nc3 a6 7.b3 Be7 8.Bb2 O-O
9.d4 cxd4 10.Nxd4 Bxg2 11.Kxg2 Qc8 12.e3 Nc6 13.Nxc6 Qxc6+ 14.Qf3 Rfc8 15.Qxc6 Rxc6
16.Rfc1 h5 17.h3 d6 18.f4 Rb8 19.Kf3 Nd7 20.g4 Nc5 21.Rd1 b5 22.cxb5 axb5
23.Rac1 b4 24.Ne4 Ra6 25.Nxc5 hxg4+ 26.hxg4 dxc5 27.Be5 Rba8 28.Rd7 Bf8 29.g5 Rxa2
30.Ke4 R2a3 31.Rb1 Rc8 32.Rbd1 c4 33.bxc4 Rxc4+ 34.Bd4 Ra8 35.Rb7 Rac8 36.Ra1 Bc5
37.Kd3 Bxd4 38.exd4 Rc3+ 39.Ke4 Ra3 40.Rh1 Rb3 41.g6 fxg6 42.Rg1 Rf8 43.Rxg6 Rf7
44.Rb8+ Kh7 45.Rxe6 Rb1 46.f5 b3 47.Reb6 Re1+ 48.Kd3 Rd1+ 49.Ke2 Rxd4 50.Rxb3 Re4+
51.Kf3 Re5 52.Kg4 Rfxf5 53.Rh3+ Kg6 54.Rb6+ Rf6 55.Rxf6+ gxf6 56.Ra3 Re4+
57.Kf3 Rb4 58.Ra5 Rb3+ 59.Kf4 Rb1 60.Kf3 Rb4 61.Rc5 f5 62.Rc8 Ra4  1/2-1/2

[Event "SLO-chT"]
[Site "?"]
[Date "1993.??.??"]
[Round "?"]
[White "Mikhalchishin, Adrian"]
[Black "Gostisa, Leon"]
[Result "1/2-1/2"]
[WhiteElo "2520"]
[BlackElo "2470"]

1.Nf3 c5 2.c4 Nf6 3.g3 b6 4.Bg2 Bb7 5.O-O e6 6.Nc3 d6 7.d4 cxd4 8.Qxd4 a6
9.Rd1 Nbd7 10.Ng5 Bxg2 11.Kxg2 Rc8 12.Nge4 Rc6 13.Nxf6+ Nxf6 14.b3 Qa8 15.f3  1/2-1/2

[Event "SLO-chT"]
[Site "?"]
[Date "1993.??.??"]
[Round "?"]
[White "Polajzer, Danilo"]
[Black "Orel, Oskar"]
[Result "1-0"]
[WhiteElo "2450"]
[BlackElo "2335"]

1.Nf3 b6 2.g3 Bb7 3.Bg2 c5 4.c4 Nf6 5.O-O e6 6.Nc3 Be7 7.d4 cxd4 8.Qxd4 O-O
9.Rd1 Na6 10.Bf4 Nc5 11.Bd6 Bxd6 12.Qxd6 Nce4 13.Nxe4 Bxe4 14.Ne5 Bxg2 15.Kxg2 Rc8
16.Nxd7 Nxd7 17.Qxd7 Qxd7 18.Rxd7 Rxc4 19.Rxa7 Rc2 20.b4 Rxe2 21.Rb7 g6 22.Rxb6 Rc8
23.a4 Rcc2 24.Rf1 Ra2 25.a5 Reb2 26.a6 e5 27.Kf3 Kg7 28.b5 f5 29.Rb7+ Kf6
30.a7 e4+ 31.Kg2 e3 32.b6 Rxf2+ 33.Rxf2 Rxf2+ 34.Kg1 Ra2 35.Rb8  1-0

[Event "St Petersburg op"]
[Site "St Petersburg"]
[Date "1993.??.??"]
[Round "?"]
[White "Simonenko, I."]
[Black "Brodsky, Michail"]
[Result "0-1"]
[WhiteElo "2320"]
[BlackElo "2515"]

1.Nf3 Nf6 2.g3 b6 3.Bg2 Bb7 4.O-O e6 5.c4 c5 6.Nc3 Be7 7.b3 d6 8.Bb2 O-O
9.e3 Nbd7 10.Qe2 Ne4 11.Nxe4 Bxe4 12.d3 Bb7 13.Rfd1 a6 14.d4 Re8 15.Qc2 Qc7
16.Rac1 Rac8 17.Qe2 Nf6 18.Ne1 cxd4 19.exd4 Bxg2 20.Nxg2 Qb7 21.d5 e5 22.Ne3 Bf8
23.Qf3 Nd7 24.Qe2 g6 25.f3 Bg7 26.g4 b5 27.Kg2 Bh6 28.cxb5 axb5 29.h4 Bf4
30.Rc6 e4 31.Rdc1 Nc5 32.fxe4 Rxc6 33.Qf3 Ra6 34.Rxc5 dxc5 35.Qxf4 Rxa2 36.Qf6 Rxb2+
37.Qxb2 Qe7 38.Qc2 Qxe4+ 39.Qxe4 Rxe4 40.Kf3 Rd4  0-1

[Event "Szombathely"]
[Site "Szombathely"]
[Date "1993.??.??"]
[Round "6"]
[White "Plesec, Damjan"]
[Black "Zsinka, Laszlo"]
[Result "1/2-1/2"]
[WhiteElo "2375"]
[BlackElo "2350"]

1.Nf3 Nf6 2.c4 c5 3.g3 b6 4.Bg2 Bb7 5.O-O e6 6.Nc3 d6 7.d4 cxd4 8.Qxd4 a6
9.Bg5 Nbd7 10.Nd2 Bxg2 11.Kxg2 Qc7 12.Rfd1 Be7 13.Nde4 O-O 14.Bxf6 Nxf6 15.Nxf6+ Bxf6
16.Qxd6 Qc5 17.Qd3 Qc6+ 18.Qf3 Rac8 19.Rd3 Qxf3+ 20.Kxf3 Bxc3 21.bxc3 Rfd8
22.Ke3 Kf8 23.Rb1 b5 24.Rxd8+ Rxd8 25.Rb4  1/2-1/2

[Event "Werfen"]
[Site "Werfen"]
[Date "1993.??.??"]
[Round "3"]
[White "Staller, Peter"]
[Black "Wachinger, Guenther"]
[Result "1/2-1/2"]
[WhiteElo "2385"]
[BlackElo "2260"]

1.Nf3 c5 2.g3 b6 3.Bg2 Bb7 4.c4 Nf6 5.O-O e6 6.Nc3 d6 7.Re1 Be7 8.e4 a6 9.d4 cxd4
10.Nxd4 Qc7 11.Qe2 O-O 12.Bd2 Re8 13.Rac1 Nbd7 14.h3 Bf8 15.b3 Rad8 16.Red1 Qb8
17.Bg5 h6 18.Bxf6 Nxf6 19.Na4 Nd7  1/2-1/2

[Event "Zalakaros op"]
[Site "Zalakaros"]
[Date "1993.??.??"]
[Round "6"]
[White "Gyorkos, Lajos"]
[Black "Kopjonkin, Gennady"]
[Result "1/2-1/2"]
[WhiteElo "2435"]
[BlackElo "2325"]

1.Nf3 c5 2.g3 b6 3.Bg2 Bb7 4.O-O Nf6 5.c4 e6 6.Nc3 Be7 7.d4 cxd4 8.Qxd4 d6
9.Rd1 a6 10.Ng5 Bxg2 11.Kxg2 Nc6 12.Qf4 Qc7 13.Nge4 Ne5 14.b3 Qc6 15.f3 Nxe4
16.Qxe4 Qxe4 17.Nxe4 O-O-O 18.Bb2 f6 19.Rd2 Nf7 20.Rad1 Kc7 21.Nf2 b5 22.cxb5 axb5
23.e4 Ra8 24.Bc3 Ne5 25.Bxe5 fxe5 26.Nd3 Kb6 27.Rc2 Rhc8 28.Rdc1 Rxc2+ 29.Rxc2 Kb7
30.f4 exf4 31.Nxf4 Bf6 32.Nxe6 Re8 33.Nf4 Rxe4 34.Kf3 Re1 35.Nd5 Bd8 36.Nc3 Re5
37.Ne4 Be7 38.Nf2 d5 39.Nd3 Rf5+ 40.Ke3 h5 41.Rf2 Rxf2 42.Kxf2 Bd6 43.Kf3 Kc6
44.h3 d4 45.g4 hxg4+ 46.hxg4 Kd5 47.a4 bxa4 48.bxa4 Bc7 49.Nf2 Ke5 50.Nd3+ Kd5  1/2-1/2

[Event "Zaragoza op"]
[Site "Zaragoza"]
[Date "1993.??.??"]
[Round "?"]
[White "Foisor, Cristina Adela B"]
[Black "Nedobora, Mikhail"]
[Result "0-1"]
[WhiteElo "2360"]
[BlackElo "2440"]

1.c4 Nf6 2.Nf3 c5 3.g3 b6 4.Bg2 Bb7 5.O-O e6 6.Nc3 Be7 7.b3 O-O 8.Bb2 a6
9.e3 Re8 10.d4 cxd4 11.exd4 d5 12.Ne5 Ra7 13.cxd5 Nxd5 14.Ne4 Ba8 15.Rc1 f6
16.Nd3 Nc6 17.Qe2 Bf8 18.Rfd1 Rd7 19.h4 Bb7 20.Kh2 Ncb4 21.Nxb4 Bxb4 22.a3 Bf8
23.Rc2 h6 24.Rdc1 f5 25.Nd2 f4 26.Nf3 fxg3+ 27.fxg3 Bd6 28.Ne5 Bxe5 29.dxe5 Rf7
30.Rd2 Qe7 31.Rf1 Rxf1 32.Bxf1 Qc5 33.b4 Qc7 34.Rc2 Qf7 35.Bc1 b5 36.Bh3 Nb6
37.Qf1 Qd7 38.Rf2 Nc4 39.Bf4 Qd4 40.Qe1 Bd5 41.Bg2 Bxg2 42.Rxg2 Nxa3 43.Ra2 Rc8
44.Kh3 Nc2 45.Qc1 Qe4 46.Rxa6 Rc4 47.Qd1 Nd4 48.Ra2 Rxb4 49.Rd2 Rb1 50.Rxd4 Qf5+
51.Qg4 Rh1+ 52.Kg2 Qxg4 53.Kxh1 g5 54.hxg5 hxg5 55.Rd8+ Kf7 56.Rd4 Qh3+ 57.Kg1 gxf4
58.Rxf4+ Ke7 59.Kf2 Qh2+  0-1

[Event "Acasusso Valle op"]
[Site "Acasusso"]
[Date "1994.??.??"]
[Round "7"]
[White "Giardelli, Sergio C"]
[Black "Campos, Jose Felix"]
[Result "1-0"]
[WhiteElo "2475"]
[BlackElo "2255"]

1.Nf3 Nf6 2.c4 e6 3.g3 b6 4.Bg2 Bb7 5.O-O c5 6.b3 Be7 7.Bb2 O-O 8.e3 Qc7
9.Qe2 Re8 10.Nc3 a6 11.Rac1 d6 12.Rfd1 Nbd7 13.d4 Ne4 14.d5 Nxc3 15.Bxc3 exd5
16.cxd5 Bf6 17.e4 Rad8 18.Ne1 Bxc3 19.Rxc3 f5 20.Re3 fxe4 21.Bxe4 Nf6 22.Bf5 Rxe3
23.Qxe3 Re8 24.Be6+ Kh8 25.Qd3 g6 26.Nf3 b5 27.Ng5 Rf8 28.h4 Qg7 29.Re1 h6
30.Nh3 g5 31.hxg5 hxg5 32.Re3 Nh7 33.Kh2 Rf6 34.Bf5 Nf8 35.g4 Rh6 36.Kg3 Qf6
37.Re8 Kg7 38.Qe4 Qc3+ 39.f3 Kg8 40.Be6+ Kg7 41.Re7+ Kh8 42.Nxg5 Qf6 43.Nf7+  1-0

[Event "Bad Ragaz op"]
[Site "Bad Ragaz"]
[Date "1994.??.??"]
[Round "6"]
[White "Glek, Igor V"]
[Black "Lau, Ralf"]
[Result "1-0"]
[WhiteElo "2590"]
[BlackElo "2535"]

1.c4 c5 2.Nf3 Nf6 3.g3 b6 4.Bg2 Bb7 5.O-O e6 6.Nc3 a6 7.Re1 d6 8.e4 Qc7 9.d4 cxd4
10.Nxd4 Nbd7 11.Be3 Rc8 12.Rc1 Qb8 13.b3 Qa8 14.Bg5 Be7 15.Nd5 Bd8 16.Bf4 Ne5
17.Nxf6+ Bxf6 18.Nf3 Rd8 19.Qe2 Nxf3+ 20.Bxf3 Rd7 21.Rcd1 Be7 22.Rd3 O-O
23.Red1 Rfd8 24.Qe3 Qa7 25.e5 Bxf3 26.Qxf3 dxe5 27.Bxe5 Rxd3 28.Rxd3 Rxd3
29.Qxd3 Qb7 30.b4 f6 31.Bc3 g6 32.a4 Kf7 33.h4 Qc6 34.b5 Qb7 35.Bd4 axb5
36.axb5 Qd7 37.Qe4 e5 38.Bxb6 Ke6 39.Be3 f5 40.Qc2 Qb7 41.Qb3 f4 42.gxf4 Qf3
43.c5+ Kf5 44.Qf7+ Kg4 45.Qe6+  1-0